| 000 | 00523nam a2200181 a 4500 | ||
|---|---|---|---|
| 005 | 20140310183213.0 | ||
| 008 | 030426s19uu xx 00 eng d | ||
| 020 | _a9814119849 | ||
| 050 |
_aTK 5105.7 _b.St784 1998 |
||
| 100 | _aStamper, David A. | ||
| 245 |
_aLocal Area Network / _cDavid A. Stamper. |
||
| 260 |
_aUpper Saddle River, NJ : _bPrentice Hall, _c1998. |
||
| 300 |
_a446 p. : _bill. ; _c26 cm. |
||
| 521 | _aIT | ||
| 650 | _aLocal area network (computer network) | ||
| 942 |
_cBK _2lcc _kFOR |
||
| 999 |
_c20193 _d20193 |
||